000 01200nam0a2200301 4500
001 RU\NLR\BIBL_A\011773041
005 20180910123905.0
010 _a978-5-4431-0133-0
_940
021 _aRU
_bКН-П-18-051859
_9КН-П-18-3736
035 _a(NLR Aleph) 011773041
035 _a(RuMoRGB)009688176
090 _a11736605
_c11736605
100 _a20180820d2018 u y0rusy50 ca
101 0 _arus
102 _aRU
105 _ay z 000ay
200 1 _aИнопланетная любовь
_aАндромеда: путь в Гавань
_e[повесть]
_fАлександр Беляков
210 _aМосква
_cАвторская книга
_d2018
215 _a103 с.
_d21
300 _aНа обл. загл. только первой части повести
686 2 _aШ6(2=Р)8-445
700 1 _4070
_7ca
_8rus
_aБеляков
_bА. В.
_cписатель-фантаст, поэт
_f1965-
_gАлександр Владимирович
_922214
_3RU\NLR\auth\7739230
942 _cBOOK
980 _aNBR
980 _aNB